Catálogo

Sex in the middle ages : (Registro nro. 41337)

Detalles MARC
000 -LEADER
fixed length control field 01385cam a2200373 i 4500
001 - CONTROL NUMBER
control field 41337
003 - CONTROL NUMBER IDENTIFIER
control field Mx-PuUPA
005 - DATE AND TIME OF LATEST TRANSACTION
control field 20250225144052.0
008 - FIXED-LENGTH DATA ELEMENTS--GENERAL INFORMATION
fixed length control field 140415s1991 nyu fr 000 0 eng d
020 ## - INTERNATIONAL STANDARD BOOK NUMBER
International Standard Book Number 9780367174767
Qualifying information v.7
020 ## - INTERNATIONAL STANDARD BOOK NUMBER
International Standard Book Number 9780367031022
Qualifying information obra completa
040 ## - CATALOGING SOURCE
Transcribing agency Mx-PuUPA
Original cataloging agency Mx-PuUPA
Language of cataloging spa
Modifying agency Mx-PuUPA
Description conventions rda
041 0# - LANGUAGE CODE
Language code of text/sound track or separate title eng
245 00 - TITLE STATEMENT
Title Sex in the middle ages :
Remainder of title a book of Essays /
Statement of responsibility, etc. edited by. Joyce E. Salisbury
250 ## - EDITION STATEMENT
Edition statement First published
264 #1 - PRODUCTION, PUBLICATION, DISTRIBUTION, MANUFACTURE, AND COPYRIGHT NOTICE
Place of production, publication, distribution, manufacture New York :
Name of producer, publisher, distributor, manufacturer Garland Publishing,
Date of production, publication, distribution, manufacture, or copyright notice ©1991
300 ## - PHYSICAL DESCRIPTION
Extent xv, 258 páginas ;
Dimensions 22 cm
336 ## - CONTENT TYPE
Fuente rdacontent
Content type term texto
Content type code txt
337 ## - MEDIA TYPE
Source rdamedia
Media type term sin medio
Media type code n
338 ## - CARRIER TYPE
Source rdacarrier
Carrier type term volumen
Carrier type code nc
490 0# - SERIES STATEMENT
Series statement Routledge library editions : History of sexuality ;
Volume/sequential designation v.7
650 #7 - SUBJECT ADDED ENTRY--TOPICAL TERM
Source of heading or term armarc
Topical term or geographic name entry element Costumbres sexuales
General subdivision Historia
Chronological subdivision Hasta 1500
9 (RLIN) 13986
650 #7 - SUBJECT ADDED ENTRY--TOPICAL TERM
Source of heading or term armarc
Topical term or geographic name entry element Historia social
General subdivision Medievo, 500-1500
650 #7 - SUBJECT ADDED ENTRY--TOPICAL TERM
Source of heading or term armarc
Topical term or geographic name entry element Religión y literatura
General subdivision Historia
650 #7 - SUBJECT ADDED ENTRY--TOPICAL TERM
Source of heading or term armarc
Topical term or geographic name entry element Sexualidad
General subdivision Aspectos religiosos
-- Historia
650 #7 - SUBJECT ADDED ENTRY--TOPICAL TERM
Source of heading or term armarc
Topical term or geographic name entry element Sexualidad
Chronological subdivision Edad media
651 #4 - SUBJECT ADDED ENTRY--GEOGRAPHIC NAME
Geographic name Europa
General subdivision Condiciones sociales
Chronological subdivision Hasta 1492
700 1# - ADDED ENTRY--PERSONAL NAME
Personal name Salisbury, Joyce E.,
Dates associated with a name 1944-
Relator term editor
9 (RLIN) 16789
942 ## - ADDED ENTRY ELEMENTS (KOHA)
Source of classification or shelving scheme Dewey Decimal Classification
Koha item type Libro
Classification part 306.7044
Item part S58
Existencias
Withdrawn status Lost status Source of classification or shelving scheme Damaged status Not for loan Collection code Home library Current library Shelving location Date acquired Total Checkouts Full call number Barcode Checked out Date last seen Date last checked out Price effective from Koha item type
    Dewey Decimal Classification     Magisterial Biblioteca Karol Wojtyla Biblioteca Karol Wojtyla Módulo de circulación 03/12/2013 2 306.7094 S58 1991 46824 17/04/2027 17/04/2026 17/04/2026 03/12/2013 Magisterial